| 000 | 02561nam a22003737a 4500 | ||
|---|---|---|---|
| 001 | 103877 | ||
| 003 | KnowledgeUnlatched | ||
| 005 | 20210303104928.0 | ||
| 006 | m o d | ||
| 007 | cr u|||||||||| | ||
| 008 | 210129p20182020xx o u00| u eng d | ||
| 037 | _5BiblioBoard | ||
| 245 | 0 | 0 |
_aWomen and Power at the French Court, 1483-1563 _cSusan Broomhall. |
| 020 | _a9789048533404 | ||
| 029 | 1 | _ahttps://library.biblioboard.com/ext/api/media/60c7c3dd-0064-4ea0-9345-1ef911fa162d/assets/thumbnail.jpg | |
| 040 |
_aScCtBLL _cScCtBLL |
||
| 506 | 0 |
_aAccess copy available to the general public. _fUnrestricted _2star |
|
| 700 | 1 |
_aBroomhall, Susan _eeditor. |
|
| 264 | 1 | _bAmsterdam University Press, | |
| 300 | _a1 online resource (1 p.) | ||
| 490 | 1 | _aGendering the Late Medieval and Early Modern World | |
| 520 | _aWomen and Power at the French Court, 1483-1563 explores the ways in which a range of women "as consorts, regents, mistresses, factional power players, attendants at court, or as objects of courtly patronage" wielded power in order to advance individual, familial, and factional agendas at the early sixteenth-century French court. Spring-boarding from the burgeoning scholarship of gender, the political, and power in early modern Europe, the collection provides a perspective from the French court, from the reigns of Charles VIII to Henri II, a time when the French court was a renowned center of culture and at which women played important roles. Cross-disciplinary in its perspectives, these essays by historians, art and literary scholars investigate the dynamic operations of gendered power in political acts, recognized status as queens and regents, ritualized behaviors such as gift-giving, educational coteries, and through social networking, literary and artistic patronage, female authorship, and epistolary strategies. | ||
| 588 | 0 | _aDescription based on print version record. | |
| 590 | _aKU Select 2019: HSS Frontlist Books | ||
| 650 | 7 |
_aHistory / Europe / Renaissance _2bisacsh |
|
| 650 | 0 | _aHistory | |
| 655 | 0 | _aElectronic books. | |
| 758 |
_iIs found in: _aKnowledge Unlatched _1https://openresearchlibrary.org/module/2774bc74-146a-484f-a7ba-ab1d6a09bbfb |
||
| 830 | 0 | _aGendering the Late Medieval and Early Modern World | |
| 856 | 4 | 0 |
_uhttps://openresearchlibrary.org/content/60c7c3dd-0064-4ea0-9345-1ef911fa162d _zView this content on Open Research Library. _70 |
| 999 |
_c26869 _d26869 |
||